Quick Pick: Century Things Quiz Stats

 Plays Quiz Updated Mar 11, 2019

Score 0/10 Timer 01:00
0 Plays Today
% Correct
20th Century Fox
89.9%
Century Egg
87.9%
Toyota Century
87.3%
Century Gothic
81.8%
Century 21
77.5%
CenturyLink
67.4%
Magdeburg Centuries
66.1%
Edge of the Century
55.9%
Deal of the Century
53.6%
Sale of the Century
46.3%

Today's Daily Dose

Word Ladder
Lean on Me

Get the Picture
Superhero by Villain

You're not logged in!

Compare scores with friends on all Sporcle quizzes.
OR
Log In

Sporcle TV

Today on Sporcle TV


Watch our educational content, quiz creation guides, and fun videos on Sporcle TV.

Show Comments

Extras

Top Quizzes Today


Score Distribution

Your Account Isn't Verified!

In order to create a playlist on Sporcle, you need to verify the email address you used during registration. Go to your Sporcle Settings to finish the process.

Report this User

Report this user for behavior that violates our Community Guidelines.

Details: